Quizzes
Events
Quiz Creation
Community
Videos
Private Events
Remove Ads
Sign In
Join for FREE
Feedback
Dark Mode
Quiz Categories
Sports
Geography
Music
Movies
Television
Just For Fun
Miscellaneous
History
Literature
Language
Science
Gaming
Entertainment
Religion
Holiday
For Kids
Quiz Lab
Recent
Popular Today
Quiz Kudos Today
Editor Picks
Curator Picks
Quizzes by...
Day
Popularity
Type
Ratings
Length
Year
Community
Subscriptions
Recent Discussions
Orange Saloon
Badges
Playlists
Quests
Create
Leaderboards
Showdown
Live 5
Trivia Bingo
Activity
Puzzle Library
Sporcle Events
Private Events
Virtual Trivia
Globe League
Become a Host
Pub Owners
SporcleCon
Opinionation
Our Games
Videos
Blog
Mobile Apps
Partnerships
Remove Ads and Go Orange
Feedback
Geography
Country
Landmarks
City
State
Population
World
Capital
Continent
Flags
Europe
Africa
Asia
South America
North America
Oceania
Border
Canada
United Kingdom
Topography
United States
Geography
Country
Landmarks
City
State
Population
World
Capital
Continent
Flags
Europe
Africa
Asia
South America
North America
Oceania
Border
Canada
United Kingdom
Topography
United States
Random Quiz
Search Sporcle
×
Quiz Lab
Quiz Lab
Geography
Slideshow
Type answers based on single images at one time
Type answers based on single images at one time
Slideshow
Best Score? Go Orange.
Progressively Harder Highway Sign Locations Stats
Can you name the cities in which these interstate junction signs are located?
By
pschmiedt
18m
72 Questions
875 Plays
875 Plays
875 Plays
Comments
Comments
Give Quiz Kudos
Give Quiz Kudos
-
- Ratings
hide this ad
More Info
Replay
Link that replays current quiz
Next Quiz
Link to next quiz in quiz playlist
You Got
0%
They Got
Avg Score
77%
Avg Friend Score
Upgrade to see
Score Distribution
Jump to the score distribution portion of the page
Score
0/72
Timer
18:00
0
Plays Today
% Correct
Seattle, Washington
97.9%
New York City (Bronx), New York
97.6%
Phoenix, Arizona
97.5%
Cleveland, Ohio
97%
Minneapolis, Minnesota
96.9%
Portland, Oregon
96.7%
Nashville, Tennessee
96.7%
Honolulu, Hawaii
96.3%
Chicago, Illinois
95.8%
San Antonio, Texas
95.5%
Kansas City, Missouri
95.1%
Albuquerque, New Mexico
93.9%
Los Angeles, California
93.6%
San Diego, California
92.3%
Milwaukee, Wisconsin
92.1%
Sacramento, California
91.3%
Baton Rouge, Louisiana
90%
St. Louis, Missouri
89.7%
Birmingham, Alabama
88.2%
Jacksonville, Florida
86.9%
Columbus, Ohio
86.8%
Cincinnati, Ohio
86.7%
Atlanta, Georgia
86.5%
Savannah, Georgia
86.4%
Cheyenne, Wyoming
86.4%
Salt Lake City, Utah
85.8%
Detroit, Michigan
85.5%
Mobile, Alabama
84.8%
Richmond, Virginia
84.7%
Albany, New York
83.8%
Indianapolis, Indiana
83.3%
Little Rock, Arkansas
82.8%
Erie, Pennsylvania
82.5%
Oklahoma City, Oklahoma
82.5%
Akron, Ohio
81.8%
Louisville, Kentucky
81.7%
% Correct
Fargo, North Dakota
81.4%
Gary, Indiana
81.1%
Charlotte, North Carolina
78.8%
Fort Worth, Texas
77.1%
Madison, Wisconsin
76.4%
Syracuse, New York
76.1%
Tucson, Arizona
75.9%
Montgomery, Alabama
75.5%
Macon, Georgia
75.4%
Dayton, Ohio
75.4%
Harrisburg, Pennsylvania
75.3%
Jackson, Mississippi
74.2%
Lexington, Kentucky
72.2%
Lansing, Michigan
70.7%
Concord, New Hampshire
69.2%
Charleston, West Virginia
69%
Greensboro, North Carolina
68.6%
Sioux Falls, South Dakota
68.4%
Columbia, South Carolina
65.3%
Knoxville, Tennessee
64.8%
Flint, Michigan
63.5%
Shreveport, Louisiana
62.5%
Amarillo, Texas
62.1%
Billings, Montana
61.6%
Springfield, Illinois
59.5%
Flagstaff, Arizona
59.1%
Davenport, Iowa
58.3%
Hartford, Connecticut
56.7%
Butte, Montana
52.9%
Rockford, Illinois
49.1%
Asheville, North Carolina
46.7%
Pocatello, Idaho
45.8%
Ogden, Utah
45.1%
Joplin, Missouri
44.7%
Champaign, Illinois
41.6%
Bloomington, Illinois
35.6%
Quiz Playlist
Details
Report
Send in Message
Add To Playlist
More Info:
Images from Google Maps' Street View.
Slideshow:
Type answers based on single images at one time
Quiz Source
Last Updated: Feb 16, 2017
Quiz Scoreboard
CHALLENGE
Sign Up to Join the Scoreboard
Show All
Scores
Hide
Comments
May contain spoilers
Recently Published
An Introduction to Baseball
by treessimontrees
Sports
5m
Movies - When Are They Set?
by FPL_Elf
Movies
5m
Popular People in 1961
by mucciniale
History
6m
More to Explore
Quiz From the Vault
Featured Blog Post
Where Did the Easter Bunny Come From?
hide this ad
You Might Also Like...
Tags
Highway
Interstate Highway
sign
Slideshow
US Interstate
Today's Top Quizzes in Geography
Browse Geography
hide this ad
Today's Top Quizzes in Slideshow
Browse Slideshow
Top Contributed Quizzes in Geography
1
Countries of the World - No Outlines Minefield
2
Top 25 Cities of France on a map
3
Closest Countries to UK A-Z
4
One Thing in Common: United Kingdom
5
Any capital of a 'B' country per Continent
6
Blind Secret Country CLXXXVIII
7
African Flag Reveal XLV
8
Blind Ultimate Minefield: USA
9
Find the US States - No Outlines
10
One Thing in Common: Asia
Explore More
Trending Topics
NBA
Crossword
Anime
Marvel
Harry Potter
Disney
Kpop
Country
The Office
Pokémon
NFL
Soccer
Song
Puzzle
WWE
hide this ad
More By:
pschmiedt
Quiz
Plays
Rating
Category
Featured
Created
NCAA FBS Missing Team Blitz
58,555
4.38
Sports
Feb 5, 2011
Highway Sign Locations (Slideshow)
953
4.70
Geography
May 19, 2014
Progressively Harder Highway Sign Locations
875
4.94
Geography
Aug 10, 2014
Wayne's World details
561
3.50
Movies
Dec 13, 2009
Super Bowl defense or special teams TDs
530
4.57
Sports
May 6, 2010
Go to Creator's Profile
Score Distribution
Quiz Creator Spotlight
pschmiedt
Follow
Send a Message
Quizzes Created
-
Created Quiz Play Count
-
More By This Creator
Popular Quizzes Today
1
Find the Countries of Europe - No Outlines Minefield
2
Find the US States - No Outlines Minefield
3
The Countries of the World
4
Popular People in 1961
5
US States
6
1-10 Letter E Words III
7
Find the US States
8
One Thing in Common: World Cities II
More Geography Quizzes
Hidden Neighbors of Oklahoma
Published
Trending Quizzes
Risky Map Clicking: Least Populous States A-Z
1-10 Letter F Words
1-10 Letter G Words
One Thing in Common: United Kingdom
Risky Map Clicking: Next State Alphabetically
Recently Updated
Leaping Animals
pecheneg
Reality TV Shows (A-Z)
bhenderson79
Rickey Henderson's Hall of Fame Teammates
pecheneg
Champions League XIs: Arsenal
pecheneg
Quick Pick: Celebrities in WWE's Hall of Fame
aduchscher
A-Z Keypad Blitz II
pecheneg
Multiple Oscar Actors
pecheneg
Mystery Phrase Blitz: Oscar 'Best Actors'
pecheneg
F. Scott Fitzgerald Novels
LTH
Pick 3 Villains
ddd62291
Trending Topics
Crossword
NBA
Disney
Anime
Marvel
Harry Potter
Kpop
Country
Puzzle
The Office
WWE
Soccer
Song
NFL
Pokémon
Your Account Isn't Verified!
In order to create a playlist on Sporcle, you need to verify the email address you used during registration. Go to your
Sporcle Settings
to finish the process.
Report this User
Report this user for behavior that violates our
Community Guidelines
.
Details:
Send Report
Go to the Sporcle.com Mobile Site →
Comments